Statystyki dla Miasta w Ranczo

Kliknij tutaj aby rozwiązać quiz!

Ogólne statystyki

  • Ten quiz został rozwiązany 314 razy
  • Średni wynik to 5 z 7

Statystyki odpowiedzi

HintOdpowiedź% Poprawnych
PolskaWarszawa
91%
PolskaLublin
88%
poza EuropąNowy Jork
81%
PolskaWilkowyje
81%
EuropaBruksela
68%
PolskaRadzyń Podlaski
67%
EuropaLondyn
37%

Rozkład punktacji

Percentyl według liczby udzielonych odpowiedzi

Procent ludzi z każdym wynikiem

Twoja historia wyników

Nie rozwiązałeś tego quizu